[Event "TCh-CZE 2001-2"]
[Site "CZE"]
[Date "2002.03.09"]
[Round "8"]
[White "Walek,M"]
[Black "Chloupek,S"]
[Result "1/2-1/2"]
[WhiteElo "2296"]
[BlackElo "2330"]

1.e4 c5 2.Nf3 e6 3.Nc3 Nc6 4.d4 cxd4 5.Nxd4 Qc7 6.Be3 a6 7.Bd3 Nf6 8.O-O b5
9.h3 Bb7 10.a3 Ne5 11.Qe2 Rc8 12.f4 Nxd3 13.cxd3 Qb8 14.Rac1 Be7 15.Qf2 O-O
16.b4 d6 17.Nce2 Rxc1 18.Rxc1 Rc8 19.Qe1 Nd7 20.Rxc8+ Qxc8 21.Qc1 Qxc1+ 22.Nxc1 g6
23.g4 e5 24.Ndb3 d5 25.fxe5 Nxe5 26.exd5 Bxd5 27.Nc5 Bxc5 28.bxc5 f5 29.gxf5 gxf5
30.Kf2 Kf7 31.Bd4 Ke6 32.Ke3 Ng6 33.Ne2 Bc6  1/2-1/2

[Event "TCh-AUT 2001-2"]
[Site "Dornbirn AUT"]
[Date "2002.03.09"]
[Round "10"]
[White "Tischbierek,R"]
[Black "Baumegger,S"]
[Result "1-0"]
[WhiteElo "2505"]
[BlackElo "2382"]

1.e4 c5 2.Nf3 e6 3.d4 cxd4 4.Nxd4 Nc6 5.Nc3 Qc7 6.Be3 a6 7.Qd2 b5 8.O-O-O Nf6
9.Bf4 Ne5 10.Nf3 Nxf3 11.gxf3 Qc6 12.Rg1 Bb7 13.Ne2 d5 14.Be5 dxe4 15.Nd4 Qd5
16.Bxf6 gxf6 17.fxe4 Qxa2 18.Nb3 Bc6 19.e5 Bd5 20.Bg2 Rd8 21.exf6 h5 22.f4 Qa4
23.Qe3 Rh6 24.Rd4  1-0

[Event "ch-RUS Boys U20"]
[Site "Vladimir RUS"]
[Date "2002.03.10"]
[Round "9"]
[White "Kuznetsov,Vi2"]
[Black "Bachin,V"]
[Result "0-1"]
[WhiteElo "2367"]
[BlackElo "2459"]

1.e4 c5 2.Nf3 e6 3.Nc3 Nc6 4.d4 cxd4 5.Nxd4 Nf6 6.Nxc6 bxc6 7.e5 Nd5 8.Ne4 Qc7
9.f4 Qb6 10.c4 Bb4+ 11.Ke2 f5 12.Nf2 Ne7 13.Be3 Bc5 14.Bxc5 Qxc5 15.Kf3 g5
16.g3 gxf4 17.gxf4 Ng6 18.h4 Nxf4 19.Qd6 Qb6 20.b4 Rg8 21.Rd1 Rg3+  0-1

[Event "Open"]
[Site "Reykjavik ISL"]
[Date "2002.03.11"]
[Round "5"]
[White "Gretarsdottir,L"]
[Black "Fridjonsson,J"]
[Result "0-1"]
[WhiteElo "2056"]
[BlackElo "2200"]

1.e4 c5 2.Nf3 Nc6 3.d4 cxd4 4.Nxd4 e6 5.Nc3 a6 6.a3 Nge7 7.Bc4 Nxd4 8.Qxd4 Nc6
9.Qd1 Qc7 10.O-O Be7 11.Ba2 O-O 12.f4 b5 13.Kh1 Bb7 14.Qg4 g6 15.f5 Ne5 16.Qf4 gxf5
17.exf5 Kh8 18.f6 Bd6 19.Ne4 Rg8 20.Ng5 Rxg5 21.Qxg5 Rg8 22.Qd2 Qc6 23.Rf2 Ng4
24.Re2 Nxh2 25.Qc3 Nf1 26.Qxc6 Ng3+ 27.Kg1 Nxe2+ 28.Kf2 Bxc6 29.Kxe2 Rxg2+
30.Kd3 Be5 31.Bh6 Bxf6 32.Rf1 Bg7  0-1

[Event "Open"]
[Site "Reykjavik ISL"]
[Date "2002.03.11"]
[Round "5"]
[White "Rowson,J"]
[Black "Brodsky,M"]
[Result "1/2-1/2"]
[WhiteElo "2512"]
[BlackElo "2542"]

1.e4 c5 2.Nf3 e6 3.d4 cxd4 4.Nxd4 Nc6 5.Nc3 Qc7 6.Be2 a6 7.O-O Nf6 8.Be3 Be7
9.f4 d6 10.a4 O-O 11.Kh1 Re8 12.Bg1 Nxd4 13.Qxd4 e5 14.Qd3 exf4 15.Rxf4 d5
16.Raf1 dxe4 17.Nxe4 Nxe4 18.Qxe4 Be6 19.Bd3 g6 20.Bd4 Rad8 21.Qe5  1/2-1/2

[Event "Open"]
[Site "Reykjavik ISL"]
[Date "2002.03.11"]
[Round "5"]
[White "Gunnarsson,J"]
[Black "Berkes,F"]
[Result "0-1"]
[WhiteElo "2402"]
[BlackElo "2522"]

1.e4 c5 2.Nf3 e6 3.d4 cxd4 4.Nxd4 Nc6 5.Nc3 Qc7 6.Be3 a6 7.Bd3 Nf6 8.O-O Ne5
9.h3 Bc5 10.Kh1 d6 11.f4 Ng6 12.Qe1 Bd7 13.f5 Ne5 14.Qg3 O-O 15.Qh4 Rae8
16.g4 d5 17.exd5 exf5 18.Bxf5 Nexg4 19.Bf4 Qc8 20.Bxd7 Qxd7 21.Nb3 Bf2 22.Rxf2 Nxf2+
23.Qxf2 Nxd5 24.Nxd5 Qxd5+ 25.Kh2 Re7 26.Nd4 Rfe8 27.Rg1 f6 28.b3 b5 29.c3 Qe4
30.Bd2 Qd5 31.Rg2 Kh8 32.Bf4 Re4 33.b4 Qd7 34.Bd2 Qc7+ 35.Qg3 Qd7 36.Nf5 Re2
37.Nd4 Rxg2+ 38.Qxg2 Qd6+ 39.Kg1 Qe5 40.Qf3 h6 41.Kg2 Kh7 42.Qd3+ f5 43.Qf3 Re7
44.Qc6 f4 45.Qc5 Qe4+ 46.Kf2 Re5 47.Qf8 Rg5 48.Nf3 Rf5 49.Qd6 Rf6 50.Qd4 Qf5
51.c4 bxc4 52.Qxc4 Qxh3 53.Bc3 Qe6 54.Qd3+ Qf5 55.Qxf5+ Rxf5 56.a4 Rd5 57.Nd4 g5
58.Kf3 Re5 59.Bd2 Kg6 60.b5 axb5 61.axb5 Rd5 62.Ke4 Rd7 63.b6 Kh5 64.Bc3 Rb7
65.Ba5 Kg4 66.Nc6 h5 67.Ne5+ Kg3 68.Be1+ Kg2 69.Kf5 h4 70.Kxg5 h3 71.Ng4 f3
72.Ne3+ Kg1 73.Bg3 h2 74.Bxh2+ Kxh2 75.Kf4 f2  0-1

[Event "Mediteran Cup IM"]
[Site "Rijeka CRO"]
[Date "2002.03.14"]
[Round "7"]
[White "Lulic,I"]
[Black "Bistric,F"]
[Result "1/2-1/2"]
[WhiteElo "2068"]
[BlackElo "2486"]

1.e4 c5 2.Nf3 e6 3.d4 cxd4 4.Nxd4 Nc6 5.Nc3 Qc7 6.Be3 a6 7.Bd3 b5 8.O-O Bb7
9.a3 Nf6 10.Qd2 Be7 11.h3 O-O 12.f4 d6 13.Rae1 Rac8 14.Nxc6 Bxc6 15.Bd4 e5
16.Be3 Rfd8 17.Qf2 Rb8 18.Qg3 b4 19.axb4 Rxb4 20.Bc1 Nh5 21.Qf3 Nxf4 22.Bxf4 exf4
23.Qxf4 Bf6 24.Qf5 Be5 25.Nd5 Bxd5 26.exd5 g6 27.Qg5 Rxb2 28.Bxa6 Rxc2 29.Kh1 Ra8
30.Bb5 Raa2 31.Rc1 Kg7 32.Rxc2 Rxc2 33.Bc6 Qa7 34.Qg4 Qe3 35.Rxf7+ Kxf7 36.Qd7+ Kf6
37.Qe6+ Kg5 38.Qg4+ Kf6 39.Qe6+ Kg7 40.Qe7+ Kg8 41.Qe8+ Kg7 42.Qe7+ Kh6 43.Qh4+ Kg7
44.Qe7+  1/2-1/2

[Event "Bundesliga 2001-2"]
[Site "Godesberg GER"]
[Date "2002.03.16"]
[Round "10"]
[White "Khalifman,A"]
[Black "Bischoff,K"]
[Result "1/2-1/2"]
[WhiteElo "2688"]
[BlackElo "2558"]

1.e4 c5 2.Nf3 e6 3.d4 cxd4 4.Nxd4 Nc6 5.Nc3 d6 6.f4 a6 7.Be3 Bd7 8.Qf3 Nxd4
9.Bxd4 Ne7 10.Qf2 b5 11.O-O-O b4 12.Ne2 Nc6 13.Bb6 Qc8 14.f5 Be7 15.Ng3  1/2-1/2

[Event "TCh-FIN 2001-02"]
[Site "FIN"]
[Date "2002.03.17"]
[Round "9"]
[White "Tiitta,S"]
[Black "Nokso Koivisto,An"]
[Result "1/2-1/2"]
[WhiteElo "2237"]
[BlackElo "2239"]

1.e4 c5 2.Nf3 e6 3.d4 cxd4 4.Nxd4 Nc6 5.Nc3 a6 6.Nxc6 bxc6 7.Bd3 d5 8.O-O Nf6
9.Qe2 Be7 10.Na4 O-O 11.c4 Qa5 12.b3 dxc4 13.Bxc4 Qe5 14.Be3 Qxe4 15.Nb6 Rb8
16.Nxc8 Rfxc8 17.Bxa6 Rd8 18.Rfc1 Ba3 19.Rc4 Qe5 20.Qf1 Nd5 21.Ba7 Ra8 22.Bd4 Qc7
23.Bb5 Ne7 24.Bc3 Qb6 25.Ba4 c5 26.Re1 Nf5 27.Rg4 Rd5 28.Bb5 Nd4 29.Bc4 Rd6
30.Qd3 Rad8 31.h4 Bb4 32.Qg3 g6 33.h5 Bxc3 34.Qxc3 Qb4 35.Qc1 Nc2 36.Rf1 Qd2
37.Qxd2 Rxd2 38.a4 Nd4 39.Rg5 Rc8 40.hxg6 hxg6 41.Ra1 Kg7 42.a5 Kf6 43.Rg3 Ra8
44.a6 Ra7 45.Rc3 Ke7 46.Bf1 Kd6 47.g3 f5 48.Ra5 e5 49.Raxc5 Nf3+ 50.Kg2 Ne1+
51.Kg1  1/2-1/2

[Event "Bundesliga 2001-2"]
[Site "Godesberg GER"]
[Date "2002.03.17"]
[Round "11"]
[White "Paehtz,T"]
[Black "Andersson,U"]
[Result "1/2-1/2"]
[WhiteElo "2472"]
[BlackElo "2598"]

1.e4 c5 2.Nf3 e6 3.d4 cxd4 4.Nxd4 Nc6 5.Nc3 a6 6.Be3 Qc7 7.Bd3 Nf6 8.O-O b5
9.Nxc6 Qxc6 10.a3 Bb7 11.Qe2 Be7 12.f4  1/2-1/2

[Event "57th ch-YUG"]
[Site "Banja Koviljaca YUG"]
[Date "2002.03.18"]
[Round "3"]
[White "Pikula,D"]
[Black "Damljanovic,B"]
[Result "1-0"]
[WhiteElo "2466"]
[BlackElo "2545"]

1.e4 c5 2.Nf3 Nc6 3.d4 cxd4 4.Nxd4 e6 5.Nc3 a6 6.Be3 Qc7 7.Qd2 b5 8.O-O-O Nxd4
9.Qxd4 Bb7 10.f3 Rc8 11.Rd2 Nf6 12.Be2 e5 13.Qb6 Qxb6 14.Bxb6 Bb4 15.Rd3 O-O
16.Rhd1 h6 17.Bf2 Rfe8 18.Bh4 g5 19.Bf2 Kg7 20.Bf1 Bxc3 21.bxc3 Bc6 22.Rd6 Nh5
23.Be3 Nf4 24.g3 Ne6 25.Bh3 Re7 26.Kb2 f6 27.Bf5 Rc7 28.h4 Rb7 29.Rh1 Re8
30.hxg5 fxg5 31.g4 Rc7 32.Bf2 Rh8 33.Bxe6 dxe6 34.Rxe6 Be8 35.Bg3 Kf7 36.Rexh6 Rxh6
37.Rxh6 Rc6 38.Rh7+ Kg6 39.Re7 Bf7 40.Bxe5 Re6 41.Rxe6+ Bxe6 42.a4 Bc4 43.f4 gxf4
44.Bxf4 Be2 45.g5 Bf3 46.axb5 axb5 47.Kb3 Be2 48.Kb4 Bf1 49.Kc5 Bc4 50.Be3 Bf1
51.Kd6 Bh3 52.e5 Kf7 53.Bb6 Bg4 54.Bd8 Bf5 55.e6+ Ke8 56.Ba5 Bxc2 57.Ke5 Bd3
58.Bb4 Bc2 59.Kf6 Bd3 60.g6 Bc2 61.Kg7 Bf5 62.Bc5  1-0

[Event "13th Goodricke"]
[Site "Calcutta IND"]
[Date "2002.03.18"]
[Round "2"]
[White "Al Sayed,Mohamad"]
[Black "Sharma,D"]
[Result "1-0"]
[WhiteElo "2413"]
[BlackElo "2380"]

1.e4 c5 2.Nf3 Nc6 3.Nc3 e6 4.d4 cxd4 5.Nxd4 a6 6.Nxc6 bxc6 7.Bd3 d5 8.O-O Nf6
9.Qe2 Be7 10.b3 Qc7 11.Bb2 O-O 12.Na4 dxe4 13.Bxe4 Nxe4 14.Qxe4 f6 15.Rad1 Rb8
16.c4 Bd7 17.Rd3 Rbd8 18.Nb6 e5 19.Nxd7 Rxd7 20.Rfd1 Rfd8 21.g4 Qc8 22.h3 Rxd3
23.Rxd3 Rxd3 24.Qxd3 Qe6 25.Qe4 Qd6 26.Bc3 g6 27.Kg2 Kf7 28.b4 Qe6 29.a3 Qd7
30.a4 Qc8 31.g5 Qe6 32.gxf6 Bxf6 33.a5 Qd7 34.f4 Qd1 35.fxe5 Bg5 36.Qf3+  1-0

[Event "Spring Festival"]
[Site "Budapest HUN"]
[Date "2002.03.21"]
[Round "7"]
[White "Berczes,D"]
[Black "Erdelyi,Z"]
[Result "1-0"]
[WhiteElo "2146"]
[BlackElo "2215"]

1.e4 c5 2.Nf3 e6 3.d4 cxd4 4.Nxd4 Nc6 5.Nc3 Qc7 6.Be2 a6 7.O-O Nf6 8.Be3 Bb4
9.Na4 O-O 10.c4 Bd6 11.Nxc6 bxc6 12.f4 Nxe4 13.Bd3 f5 14.c5 Be7 15.Bxe4 fxe4
16.Qd4 a5 17.Qxe4 Rf5 18.Rfd1 Rb8 19.Rac1 Rb5 20.a3 Qb7 21.Rb1 Rb3 22.Rd3 Rd5
23.Rxb3 Qxb3 24.Nc3 Bxc5 25.Bxc5 Rxc5 26.Qd4 Rc4 27.Qe5 Qb6+ 28.Kh1 h6 29.f5 Rc5
30.Qd4 e5 31.Qg1 Rb5 32.Nxb5 Qxb5 33.b4 a4 34.Qe3 Qd5 35.Qb6 Qd3 36.Re1 Kh7
37.Qc7 Ba6 38.Qxe5 Qxa3 39.f6 Qxb4 40.f7 Bd3 41.Qe8  1-0

[Event "13th Goodricke"]
[Site "Calcutta IND"]
[Date "2002.03.21"]
[Round "5"]
[White "Visweswaran,K"]
[Black "Sandipan,C"]
[Result "0-1"]
[WhiteElo "2310"]
[BlackElo "2452"]

1.e4 c5 2.Nf3 e6 3.d4 cxd4 4.Nxd4 Nc6 5.Nc3 Qc7 6.g3 a6 7.Bg2 d6 8.O-O Bd7
9.a4 Rb8 10.Re1 Be7 11.Be3 Nf6 12.h3 O-O 13.f4 Nxd4 14.Qxd4 e5 15.Qb6 Qxb6
16.Bxb6 Bd8 17.Bxd8 Rfxd8 18.Rad1 Bc6 19.Rd3 Kf8 20.Kf2 b5 21.axb5 axb5 22.Na2 exf4
23.gxf4 Re8 24.Rd4 Re6 25.Nb4 Bb7 26.Nd3 Rc8 27.c3 Rc4 28.e5 Bxg2 29.Kxg2 dxe5
30.Rxc4 bxc4 31.Nxe5 Nd5 32.Kf3 f6 33.Rd1 Nb6 34.Nd7+ Ke7 35.Nxb6 Rxb6 36.Rd4 Rxb2
37.Rxc4 Kd6 38.Rd4+ Ke6 39.Rd8 Rc2 40.Rc8 h5 41.Rc7 g6 42.Rc6+ Ke7 43.Rc4 Rh2
44.Kg3 Rd2 45.Re4+ Kd6 46.Re3 Rc2 47.Kh4 Rg2 48.Rg3 Rxg3 49.Kxg3 Kc5 50.Kf3 Kc4
51.Ke4 h4 52.Ke3 Kxc3 53.Kf3 f5 54.Ke3 Kc4  0-1

[Event "13th Goodricke"]
[Site "Calcutta IND"]
[Date "2002.03.22"]
[Round "6"]
[White "Mahesh Chandran,P"]
[Black "Swathi,G"]
[Result "1/2-1/2"]
[WhiteElo "2436"]
[BlackElo "2362"]

1.e4 c5 2.Nf3 e6 3.d4 cxd4 4.Nxd4 Nc6 5.Nc3 Nf6 6.Ndb5 d6 7.Bf4 e5 8.Bg5 a6
9.Na3 b5 10.Nd5 Be7 11.Bxf6 Bxf6 12.c3 Bg5 13.Nc2 Ne7 14.Ncb4 O-O 15.a4 bxa4
16.Nxe7+ Qxe7 17.Qxa4 Qb7 18.Qc2 a5 19.Nd5 Qc6 20.Ra4 Be6 21.Rc4 Qb7 22.Rc7 Qb8
23.Rc6 Bd8 24.Be2 Bxd5 25.exd5 Bb6 26.O-O Bc5 27.b3 g6 28.Rb1 Qd8 29.b4 axb4
30.cxb4 Bd4 31.Bf1 Rb8 32.Kh1 Rb6 33.f3 Qf6 34.Qc4 Rfb8 35.b5 Kg7 36.Qc2 Ra8
37.Rxb6  1/2-1/2

[Event "Suetin Mem"]
[Site "Tula RUS"]
[Date "2002.03.23"]
[Round "1"]
[White "Trushelyov,V"]
[Black "Nizamov,I"]
[Result "0-1"]
[WhiteElo "2124"]
[BlackElo "2394"]

1.e4 c5 2.Nf3 e6 3.d4 cxd4 4.Nxd4 Nc6 5.Nc3 Qc7 6.Be2 a6 7.O-O Nf6 8.Kh1 Bb4
9.Nxc6 bxc6 10.Qd4 Bd6 11.Bg5 Be5 12.Qa4 h6 13.Be3 c5 14.f4 Bxc3 15.bxc3 Bb7
16.e5 Nd5 17.Bd2 O-O 18.c4 Ne7 19.Ba5 Qc8 20.Rfd1 Bc6 21.Qa3 f6 22.Bb6 Rf7
23.Bxc5 Nf5 24.Rd2 fxe5 25.fxe5 Nh4 26.Bf1 Qb7 27.Qg3 Nf5 28.Qb3 Qc7 29.Bd6 Nxd6
30.exd6 Qa5 31.Qe3 Raf8 32.Bd3 Rf4 33.h3 Rf3 34.gxf3 Rxf3 35.Qxf3 Bxf3+ 36.Rg2 Qe5
37.Rf1 Bc6 38.Kg1 Bxg2 39.Kxg2 Qxd6 40.Rf3 Qd4 41.Rf2 a5 42.Bf1 g5 43.Kg3 a4
44.Kg2 a3 45.c3 Qxc3 46.Rf3 Qc2+ 47.Rf2 Qe4+ 48.Rf3 h5 49.Bd3 Qd4 50.Bf1 g4
51.hxg4 hxg4 52.Rf2 Kg7 53.Kg3 Qe3+ 54.Kg2 Kg6 55.Re2 Qd4 56.Rf2 Kg5 57.Re2 Kh4
58.Kh1 g3 59.Rc2 Qe4+ 60.Rg2 d5 61.cxd5 exd5 62.Kg1 Qe3+ 63.Kh1 d4 64.Re2 Qf3+
65.Kg1 d3 66.Rg2 d2 67.Rxd2 Qe3+ 68.Kg2 Qxd2+  0-1

[Event "13th Goodricke"]
[Site "Calcutta IND"]
[Date "2002.03.24"]
[Round "8"]
[White "Kunte,A"]
[Black "Satyapragyan,S"]
[Result "1/2-1/2"]
[WhiteElo "2479"]
[BlackElo "2354"]

1.e4 c5 2.Nf3 Nc6 3.d4 cxd4 4.Nxd4 e6 5.Nc3 Qc7 6.Be2 a6 7.O-O Nf6 8.Kh1 d6
9.f4 Be7 10.Be3 O-O 11.Qe1 Nxd4 12.Bxd4 b5 13.a3 Bb7 14.Qg3 Bc6 15.Rae1 Rae8
16.Bf3 Rd8 17.Re2  1/2-1/2

[Event "Masters"]
[Site "Pinamar ARG"]
[Date "2002.03.24"]
[Round "6"]
[White "Ricardi,P"]
[Black "Sunye Neto,J"]
[Result "0-1"]
[WhiteElo "2544"]
[BlackElo "2531"]

1.e4 c5 2.Nf3 e6 3.d4 cxd4 4.Nxd4 Nc6 5.Nc3 a6 6.Be2 Qc7 7.O-O Nf6 8.Kh1 b5
9.Nxc6 dxc6 10.f4 Bb7 11.e5 Rd8 12.Bd3 Nd7 13.Qg4 Nc5 14.Ne4 Nxe4 15.Bxe4 g6
16.Qf3 Be7 17.Be3 O-O 18.a4 Rb8 19.axb5 axb5 20.Ra7 Rfc8 21.f5 exf5 22.Bxf5 gxf5
23.Qxf5 Kh8 24.e6 f6 25.Bd4 Rf8 26.Rf3 Rg8 27.Bxf6+ Bxf6 28.Qxf6+ Qg7 29.e7 Qxf6
30.Rxf6 c5 31.Kg1 Bxg2 32.Kf2 Be4 33.c3 Rge8 34.Ke3 Kg7 35.Rd6 Bg6 36.Rc6 Kf7
37.Rcc7 Rb6 38.Kf4 c4 39.Kg5 Bd3 40.h4 b4 41.cxb4 Rxb4 42.Rc6 Rb5+ 43.Kh6 Bg6  0-1

[Event "ch-CAN"]
[Site "Richmond CAN"]
[Date "2002.03.24"]
[Round "4"]
[White "Spraggett,K"]
[Black "Cummings,D"]
[Result "1-0"]
[WhiteElo "2541"]
[BlackElo "2373"]

1.e4 c5 2.Nf3 e6 3.d4 cxd4 4.Nxd4 Nc6 5.Nc3 Qc7 6.Be2 a6 7.O-O Nf6 8.Be3 Bb4
9.Na4 Be7 10.Nxc6 bxc6 11.Nb6 Rb8 12.Nxc8 Qxc8 13.Bd4 c5 14.Be5 Rb6 15.Qd3 O-O
16.b3 d5 17.exd5 Nxd5 18.Qh3 Bd6 19.Bd3 g6 20.Bb2 Qc7 21.Rae1 Re8 22.Bc4 Nf4
23.Qf3 Nh5 24.g3 Bf8 25.Be5 Qc6 26.Qxc6 Rxc6 27.g4 Ng7 28.Rd1 Be7 29.Rd7 f6
30.Bc3 Kf7 31.Rfd1 Rec8 32.Ra7 R8c7 33.Ra8 Rc8 34.Rxc8 Rxc8 35.Rd7 Ra8 36.f4 h5
37.g5 Ne8 38.f5 gxf5 39.g6+ Kf8 40.Bd2  1-0

[Event "Suetin Mem"]
[Site "Tula RUS"]
[Date "2002.03.24"]
[Round "2"]
[White "Kovalevskaya,E"]
[Black "Frolyanov,D"]
[Result "1-0"]
[WhiteElo "2462"]
[BlackElo "2295"]

1.e4 c5 2.Nc3 Nc6 3.Nf3 e6 4.d4 cxd4 5.Nxd4 Nf6 6.Nxc6 bxc6 7.e5 Nd5 8.Ne4 Qc7
9.f4 Qb6 10.c4 Bb4+ 11.Ke2 f5 12.Nf2 Bc5 13.Nd3 Ne3 14.Qb3 Nxf1 15.Qxb6 Bxb6
16.Rxf1 Ba6 17.b3 Kf7 18.Be3 Rhb8 19.Rad1 Bc8 20.Bc5 Bc7 21.Nb2 Ba5 22.Na4 Bb4
23.Bxb4 Rxb4 24.Nc5 a5 25.Nxd7 a4 26.Nc5 axb3 27.axb3 Ra5 28.Kd3 Rxc5 29.Kc3 Rb8
30.Ra1 Rb6 31.Rfd1 g5 32.g3 gxf4 33.gxf4 Ba6 34.Rd7+ Kg6 35.Ra7 Bb7 36.b4 Rd5
37.cxd5 cxd5 38.Rg1+ Kh6 39.Rg8 d4+ 40.Kxd4 Rxb4+ 41.Kc3 Rb1 42.Rb8  1-0

[Event "Suetin Mem"]
[Site "Tula RUS"]
[Date "2002.03.24"]
[Round "2"]
[White "Romanov,E"]
[Black "Bairachny,R"]
[Result "1/2-1/2"]
[WhiteElo "2229"]
[BlackElo "2427"]

1.e4 c5 2.Nf3 e6 3.d4 cxd4 4.Nxd4 Nc6 5.Nc3 Qc7 6.Be3 a6 7.Bd3 Nf6 8.O-O Ne5
9.h3 Bc5 10.Kh1 d6 11.f4 Ned7 12.Qe1 O-O 13.Qh4 b5 14.Rae1 Bb7 15.Nb3 Bxe3  1/2-1/2

[Event "13th Goodricke"]
[Site "Calcutta IND"]
[Date "2002.03.25"]
[Round "9"]
[White "Wong Zi Jing"]
[Black "Kunte,A"]
[Result "1/2-1/2"]
[WhiteElo "2256"]
[BlackElo "2479"]

1.e4 c5 2.Nf3 e6 3.d4 cxd4 4.Nxd4 Nc6 5.Nc3 Qc7 6.f4 a6 7.Nxc6 bxc6 8.e5 d5
9.Bd3 Nh6 10.O-O Nf5 11.g4 Bc5+ 12.Kh1 Ne3 13.Bxe3 Bxe3 14.Qf3 Bd4 15.Rab1 Rb8
16.Nd1 Ba7 17.c4 dxc4 18.Be4 O-O 19.Ne3 Rb4 20.Rfc1 f5 21.gxf5 exf5 22.Bxc6 Qxc6
23.Qxc6 Bxe3 24.Rc3 Ba7 25.Rf3 Bb7 26.Qe6+ Kh8 27.Kg2 Rb6 28.Qe7 Kg8 29.e6  1/2-1/2

[Event "Suetin Mem"]
[Site "Tula RUS"]
[Date "2002.03.25"]
[Round "3"]
[White "Zhelnin,V"]
[Black "Nizamov,I"]
[Result "1/2-1/2"]
[WhiteElo "2477"]
[BlackElo "2394"]

1.e4 c5 2.Nc3 Nc6 3.Nge2 e6 4.d4 cxd4 5.Nxd4 Qc7 6.Ndb5 Qb8 7.Be2 a6 8.Nd4 Nf6
9.a3 Bd6 10.Be3 b5 11.Nxc6 dxc6 12.Qd2 O-O 13.Rd1 Be5 14.Bd4 Bf4 15.Qd3 Rd8
16.Qf3 e5 17.Bc5 Be6 18.O-O Qc7 19.h3 Bd2 20.Nb1 Bg5 21.Rfe1 Rd7 22.Be3 Bxe3
23.Qxe3 Rad8 24.Rxd7 Rxd7 25.Nd2 c5 26.Nf3 h6 27.Bf1 Ne8 28.c4 b4 29.axb4 cxb4
30.c5 a5 31.c6 Rd8 32.Qc5 f6 33.Ra1 Nd6 34.Rxa5 Nxe4 35.Qxb4 Qxc6 36.Ra6 Qc2
37.Qb6 Rd6 38.Qe3 Rxa6 39.Bxa6 Nc5 40.Bf1 Nb3 41.Qb6 Qc8 42.Ba6 Qd7 43.Bb5 Qd5
44.Ba4 Nc5 45.Bc2 e4 46.Nd2 Qxd2 47.Qxc5 Bd5 48.Kh2 Qf4+ 49.g3 Qd2 50.Qc8+  1/2-1/2

[Event "Suetin Mem"]
[Site "Tula RUS"]
[Date "2002.03.25"]
[Round "3"]
[White "Rodchenkov,V"]
[Black "Mirovshchikov,S"]
[Result "1-0"]
[WhiteElo "2255"]
[BlackElo "2402"]

1.e4 c5 2.Nf3 e6 3.d4 cxd4 4.Nxd4 Nc6 5.Nc3 d6 6.Bc4 Nf6 7.Be3 a6 8.Bb3 Qc7
9.Qe2 Na5 10.O-O-O b5 11.Kb1 Nxb3 12.cxb3 Bb7 13.Rc1 Qa5 14.f3 Be7 15.Qd2 Rc8
16.Rhg1 Qd8 17.g4 Nd7 18.g5 g6 19.h4 b4 20.Nce2 d5 21.Rxc8 Qxc8 22.Rc1 Qa8
23.e5 Nxe5 24.h5 Nd7 25.f4 e5 26.fxe5 Nxe5 27.Bf4 Ng4 28.Rc7 Bd8 29.Rc1 Be7
30.Ng3 Bc8 31.Qe2 gxh5 32.Ngf5  1-0

[Event "Open"]
[Site "Mar del Plata ARG"]
[Date "2002.03.26"]
[Round "5"]
[White "Leskovar,Mat"]
[Black "Musanti,D"]
[Result "1/2-1/2"]
[WhiteElo "2061"]
[BlackElo "2281"]

1.e4 c5 2.Nf3 e6 3.d4 cxd4 4.Nxd4 Nc6 5.Nc3 d6 6.Be3 Nf6 7.Be2 Be7 8.O-O O-O
9.f4 a6 10.Kh1 Qc7 11.Qe1 Nxd4 12.Bxd4 b5 13.a3 Bb7 14.Qg3 Bc6 15.Bd3 Qb7
16.b4 a5 17.Rae1 axb4 18.axb4 Ra3 19.Re3 g6 20.Qh3 Rfa8 21.Qh6 e5 22.fxe5 dxe5
23.Bxe5 Nh5 24.Rh3 Bf8 25.Qg5 Ng7 26.Qh4 h5 27.Qf6 Ra1 28.Rf3 Rxf1+ 29.Rxf1 Ra6
30.Qf3 Bxb4 31.Nd5 Bxd5 32.exd5 Bf8 33.Bxb5 Qxb5 34.Qxf7+ Kh7 35.Qxf8 Ra7
36.Bd4 Rd7 37.d6 Qd5 38.c3 Qe6 39.h3 Qd5 40.Re1 Rf7 41.Qd8 Qb5 42.Kh2 Qf5
43.Qh4 Qd5 44.Qg3 Nf5 45.Qe5 Qxd6  1/2-1/2

[Event "Amber Rapidplay"]
[Site "Monaco MNC"]
[Date "2002.03.26"]
[Round "9"]
[White "Leko,P"]
[Black "Ljubojevic,L"]
[Result "1/2-1/2"]
[WhiteElo "2713"]
[BlackElo "2548"]

1.e4 c5 2.Nf3 e6 3.d4 cxd4 4.Nxd4 Nc6 5.Nc3 Qc7 6.Be3 a6 7.Qd2 Nf6 8.O-O-O Bb4
9.f3 Ne7 10.a3 Bxc3 11.Qxc3 Qxc3 12.bxc3 d5 13.e5 Nd7 14.f4 Nc5 15.Nb5 axb5
16.Bxc5 Bd7 17.Kd2 Ra4 18.g3 Nc8 19.Rb1 b6 20.Bb4 Kd8 21.Bd3 Na7 22.Rhf1 g6
23.h3 h5 24.Rf2 Nc8 25.Be2 Na7 26.Rff1 Nc8 27.g4 h4 28.Bd3 Na7 29.Rbe1 Rg8
30.Rf2 Nc8 31.f5 gxf5 32.gxf5 Rg3 33.Re3 Rxe3 34.Kxe3 Ne7 35.f6 Nf5+ 36.Kf4 Kc7
37.Rg2 Ng3 38.Kg5 Ra8 39.Kh6 Rg8 40.Rf2 Nf5+ 41.Bxf5 exf5 42.Rf4  1/2-1/2

[Event "ch-CAN"]
[Site "Richmond CAN"]
[Date "2002.03.26"]
[Round "6"]
[White "Huber,Gr"]
[Black "Divljan,I"]
[Result "1-0"]
[WhiteElo "2243"]
[BlackElo "2258"]

1.e4 c5 2.Nf3 e6 3.d4 cxd4 4.Nxd4 Nc6 5.Nc3 Qc7 6.Ndb5 Qb8 7.Be3 Be7 8.f4 a6
9.Nd4 d6 10.Qf3 Nf6 11.Bd3 e5 12.Nf5 Bxf5 13.exf5 O-O 14.O-O Nb4 15.fxe5 dxe5
16.Be4 Nxe4 17.Qxe4 f6 18.Rf3 Qc8 19.Rh3 Rf7 20.a3 Nc6 21.Nd5 Qd8 22.Rd1 Bf8
23.Qh4 h6 24.Qg4 Rd7 25.Nxf6+  1-0

[Event "13th Goodricke"]
[Site "Calcutta IND"]
[Date "2002.03.27"]
[Round "11"]
[White "Kunte,A"]
[Black "Goloshchapov,A"]
[Result "1/2-1/2"]
[WhiteElo "2479"]
[BlackElo "2545"]

1.e4 c5 2.Nf3 e6 3.d4 cxd4 4.Nxd4 Nc6 5.Nc3 Qc7 6.Be2 a6 7.O-O b5 8.Re1 Bd6
9.g3 Nxd4 10.Qxd4 Be5 11.Qd3 Bb7 12.Bd2 Nf6 13.Bf1 Rc8 14.Rac1 O-O 15.Bg2 Rfd8
16.Qe2 Qc4 17.a3 Qxe2 18.Rxe2  1/2-1/2

[Event "Suetin Mem"]
[Site "Tula RUS"]
[Date "2002.03.27"]
[Round "5"]
[White "Halyavskiy,N"]
[Black "Mirovshchikov,S"]
[Result "1-0"]
[WhiteElo "2273"]
[BlackElo "2402"]

1.e4 c5 2.Nf3 e6 3.d4 cxd4 4.Nxd4 Nc6 5.Nc3 d6 6.Be2 Be7 7.Be3 Nf6 8.O-O O-O
9.Kh1 e5 10.Nxc6 bxc6 11.f4 Qc7 12.fxe5 dxe5 13.Bc4 Bg4 14.Qe1 Bh5 15.Bg5 Bg6
16.Qe2 Rad8 17.Rae1 Rd7 18.Bxf6 Bxf6 19.Qg4 Rd4 20.b3 Qd7 21.Qg3 Qe7 22.Qf3 Bg5
23.Re2 Kh8 24.Bd3 f6 25.Ref2 Rdd8 26.Qg4 Bh6 27.Ne2 Qd7 28.Qf3 Bf7 29.Ng3 Be6
30.Nf5 Bxf5 31.exf5 Qc7 32.Re2 Rd4 33.Re4 Rfd8 34.Rfe1 Qa5 35.Rf1 Qb6 36.a4 Qc7
37.Rfe1 Kg8 38.Rxd4 Rxd4 39.Re4 Qd6 40.g3 Kf8 41.Rxd4 exd4 42.a5 Qd5 43.Be4 Qxa5
44.Bxc6 Be3 45.Ba4 Qe1+ 46.Kg2 d3 47.Qa8+ Ke7 48.Qe4+ Kd6 49.Qxd3+ Ke5 50.Kh3 Qd2
51.Qb5+ Qd5 52.Qe8+ Kd4 53.Qe6 Bd2 54.Qc8 Ke3 55.Bc6 Qe5 56.Qd7 Ke2 57.Qd3+ Kd1
58.Be4 Qc3 59.Qf1+ Be1 60.Qf4 Qd2 61.Qg4+ Kc1 62.Qxg7 Qe2 63.Qg4 Qf1+ 64.Bg2 Qf2
65.Qe4 Bc3 66.Qd3 Kb2 67.Be4 a5 68.Qf3 Qd4 69.Bd3 Qe5 70.Qe4 Qd6 71.Qb7 h6
72.Qe4 Qd8 73.Qe3 Qf8 74.Qe6 Qg7 75.Qe8 Qg5 76.Qg6 Qd2 77.Qg4 Qe3 78.Qf4 Qxf4
79.gxf4 Bd2 80.Kg4 Kc3 81.h4 Kd4 82.Kh5 Bxf4 83.Kg6 Ke5 84.c4 Bg3 85.h5 Bf4
86.Kf7 Be3 87.Ke7 Bc5+ 88.Kd7 Kd4 89.Bb1 Ke5 90.Kc6 Kd4 91.Kb5 Bb4 92.Bc2 Ke3
93.Bd1 Kd4 94.Bg4 Kc3 95.c5 Kxb3 96.c6 Bd6 97.Kxa5 Kc4 98.Kb6 Kd5 99.c7 Bxc7+
100.Kxc7 Ke5  1-0

[Event "Suetin Mem"]
[Site "Tula RUS"]
[Date "2002.03.27"]
[Round "5"]
[White "Balashov,Y"]
[Black "Arzumanian,G"]
[Result "1/2-1/2"]
[WhiteElo "2545"]
[BlackElo "2424"]

1.e4 c5 2.Nc3 Nc6 3.Nf3 e6 4.d4 cxd4 5.Nxd4 Qc7 6.Be2 a6 7.a3 Nf6 8.Be3 Be7
9.f4 d6 10.O-O O-O 11.Qe1 Nxd4 12.Bxd4 e5 13.fxe5 dxe5 14.Qg3 Bc5 15.Bxc5 Qxc5+
16.Kh1 Ne8 17.b4 Qc7 18.Nd5 Qxc2 19.Bd3 Qb2 20.Nb6 Rb8 21.Nc4 Qd4 22.Nxe5 Be6
23.Rad1 Rd8 24.Be2 Qb6 25.Nc4 Qc7 26.Qxc7 Nxc7 27.Nd6 b5 28.Nb7 Ra8 29.Rc1 Ra7
30.Rxc7 Rb8 31.Rd1 Kf8 32.Rd6 Raxb7 33.Rxb7 Rxb7 34.Rxa6 Bc4 35.Bg4 Bd3 36.Bf3 Rc7
37.Kg1 Rc2 38.Ra7 Ra2 39.h4 Bc2 40.e5 Bb3 41.Bc6 g5 42.hxg5 Bc4 43.Ra5 Kg7
44.Bxb5 Bxb5 45.Rxb5 Rxa3 46.Kf2 Kg6 47.Rb8 Rb3 48.b5 Kf5 49.b6 Kxe5 50.b7 Kf4
51.Ke2 Kg3 52.Kd2 Kxg2 53.Kc2 Rb6 54.Kd3 Kg3 55.Kd4 Kg4 56.Kc5 Rb1 57.Kd6 Rb2
58.Ke7 Rb1 59.Kxf7 Rb2 60.g6 hxg6 61.Kxg6 Rb6+ 62.Kf7 Kf5 63.Ke7 Ke5 64.Kd7 Kd5  1/2-1/2

[Event "ch-DEN"]
[Site "Greve DEN"]
[Date "2002.03.28"]
[Round "6"]
[White "Hansen,SuB"]
[Black "Mortensen,E"]
[Result "1/2-1/2"]
[WhiteElo "2536"]
[BlackElo "2441"]

1.e4 c5 2.Nf3 Nc6 3.Nc3 e6 4.d4 cxd4 5.Nxd4 Qc7 6.Be2 a6 7.O-O Nf6 8.Be3 Bb4
9.Na4 Bd6 10.g3 b5 11.Nb6 Rb8 12.Nxc8 Rxc8 13.a4 Nxd4 14.Bxd4 e5 15.Be3  1/2-1/2

[Event "Suetin Mem"]
[Site "Tula RUS"]
[Date "2002.03.29"]
[Round "7"]
[White "Voitsekhovsky,S"]
[Black "Nizamov,I"]
[Result "1-0"]
[WhiteElo "2527"]
[BlackElo "2394"]

1.e4 c5 2.Nf3 e6 3.d4 cxd4 4.Nxd4 Nc6 5.Nc3 Qc7 6.g3 a6 7.Bg2 d6 8.O-O Bd7
9.a4 Nf6 10.Nb3 b6 11.f4 Be7 12.Kh1 Bc8 13.Qe2 Bb7 14.Be3 O-O 15.Rad1 Rfe8
16.g4 Nd7 17.g5 Bf8 18.Rf3 Nb4 19.Rh3 g6 20.Qf2 Bg7 21.Rf1 Qc6 22.Bd4 Bxd4
23.Nxd4 Qc5 24.Nd1 Nc6 25.c3 Nxd4 26.cxd4 Qb4 27.f5 exf5 28.exf5 Bxg2+ 29.Kxg2 Re7
30.Nc3 Qc4 31.f6 Re6 32.Rxh7 Kxh7 33.Qh4+ Kg8 34.Qh6 Nxf6 35.gxf6 Rxf6 36.Rxf6 Qxd4
37.Qf4  1-0

[Event "Bundesliga 2002-3"]
[Site "Baden Oos GER"]
[Date "2002.03.30"]
[Round "15"]
[White "Jenni,F"]
[Black "Andersson,U"]
[Result "1/2-1/2"]
[WhiteElo "2516"]
[BlackElo "2594"]

1.e4 c5 2.Nf3 e6 3.d4 cxd4 4.Nxd4 Nc6 5.Nc3 a6 6.Be2 d6 7.Be3 Nf6 8.f4 Be7
9.O-O O-O 10.Kh1 Qc7 11.Qe1 Bd7 12.Qg3 d5 13.e5 Ne4 14.Nxe4 dxe4 15.c3 Nxd4
16.Bxd4 f5 17.exf6 Bxf6 18.Rad1 Rae8 19.Qe3 Bxd4  1/2-1/2